000 00367nam a2200157 a 4500
008 040624s1969||||xx 0 und c
040 _aSNK
_bslo
_cSNK
_eAACR2
100 1 _aMiro, Vladimír
245 1 0 _aHorúce nebo
250 _a1. vyd.
260 _aKošice
_bVýchodoslov. vydav.
_c1969
300 _a377 s.
020 _c23
044 _axo
_cSK
041 _aslo
999 _c12343
_d12343